000 004500000a22001810004500
003 MACL
005 20160101154951.0
008 160101b xxu||||| |||| 00| 0 eng d
040 _aMACL
_cMACL
041 _aEnglish
082 _a352/BHA
100 _aBhargava, G S
_915321
245 _aFundamental Rules In M P
260 _bIndia Law House
_c1973
_aIndore
350 _a21
650 _aPublic Administration
_926603
942 _cBK
_k352/BHA
_2ddc
999 _c35626
_d35626